Coupes du Monde de Football: Portugal - Statistiques

Statistiques générales
  • Ce quiz a été pris 461 fois
    391 depuis la dernière actualisation
  • Le résultat moyen est 15 sur 21
Statistiques - réponses
Réponse % Correct
France
98%
Espagne
96%
Allemagne
95%
Maroc
95%
Uruguay
92%
Suisse
91%
Angleterre
90%
Bresil
89%
Corée du Sud
87%
Etats-Unis
83%
Ghana
81%
Corée du Nord
76%
Iran
74%
Pays-Bas
71%
URSS
66%
Mexique
62%
Côte d'Ivoire
51%
Pologne
51%
Hongrie
44%
Angola
26%
Bulgarie
25%
Aucun quiz correspondant
Distribution des résultats
% des personnes avec chaque résultat
Percentile par nombre de réponses
Votre historique - résultats
Vous n’avez pas pris ce quiz depuis la dernière actualisation